Race de Vaches Françaises - Taureaux - Statistiques

Statistiques générales
  • Ce quiz a été pris 48 fois
  • Le résultat moyen est 13 sur 29
Statistiques - réponses
Par images Réponse % Correct
normande
82%
salers
82%
aubrac
79%
charolaise
76%
limousine
74%
blonde d'aquitaine
65%
blanc bleu
59%
montbeliarde
56%
vosgienne
53%
abondance
50%
pie noir
50%
bazadaise
44%
gasconne
44%
parthenaise
38%
tarentaise
38%
corse
35%
bordelaise
32%
camarguaise
32%
armoricaine
29%
bearnaise
29%
brune des alpes
29%
nantaise
29%
simmentale
29%
ferrandaise
26%
villard de lans
24%
maine anjou
21%
saosnoise
18%
froment du leon
15%
maraichine
15%
Aucun quiz correspondant
Distribution des résultats
% des personnes avec chaque résultat
Percentile par nombre de réponses
Votre historique - résultats
Vous n’avez pas pris ce quiz